NCAA Basketball Teams Quiz 2022-23 - Statistics

General Stats
  • This quiz has been taken 497 times
    114 since last reset
  • The average score is 177 of 364
Answer Stats
Hint Answer % Correct
ACC Duke
95%
ACC Florida State
90%
Mid-American Ohio
90%
Big Ten UCLA
90%
SEC Florida
85%
Big Ten Illinois
85%
Big Ten Iowa
85%
ACC Miami (FL)
85%
Big Ten Ohio State
85%
Big Ten Oregon
85%
Ivy Penn
85%
Big Ten Penn State
85%
Big Ten Purdue
85%
SEC Texas
85%
Big Ten Washington
85%
SEC Alabama
80%
ACC Boston College
80%
ACC Clemson
80%
Big Ten Indiana
80%
SEC LSU
80%
Big Ten Michigan
80%
Big Ten Michigan State
80%
Big Ten Minnesota
80%
ACC NC State
80%
Big Ten Nebraska
80%
ACC North Carolina
80%
ACC Pittsburgh
80%
Big 12 Arizona
75%
SEC Arkansas
75%
Big 12 BYU
75%
ACC California
75%
Big 12 Colorado
75%
SEC Georgia
75%
Big 12 Kansas
75%
Big Ten Maryland
75%
Big Ten Northwestern
75%
SEC Oklahoma
75%
Big Ten Rutgers
75%
SEC Tennessee
75%
SEC Texas A&M
75%
Big Ten USC
75%
Big 12 Utah
75%
ACC Virginia
75%
ACC Virginia Tech
75%
ACC Wake Forest
75%
Big Ten Wisconsin
75%
SWAC Alabama State
70%
SEC Auburn
70%
Big East Connecticut
70%
Colonial Delaware
70%
Ivy Harvard
70%
Missouri Valley Illinois Chicago
70%
Big 12 Kansas State
70%
SEC Kentucky
70%
ACC Louisville
70%
ACC Notre Dame
70%
Pac-12 Oregon State
70%
ACC SMU
70%
SEC South Carolina
70%
ACC Stanford
70%
Big East St John's
70%
ACC Syracuse
70%
Big 12 Texas Tech
70%
American Tulane
70%
Big 12 Arizona State
65%
Big 12 Central Florida
65%
Mid-American Central Michigan
65%
Big East Creighton
65%
Mid-American Eastern Michigan
65%
American Florida Atlantic
65%
Big East Georgetown
65%
ACC Georgia Tech
65%
Big 12 Houston
65%
SEC Missouri
65%
Big Sky Montana
65%
Big Sky Montana State
65%
America East New Hampshire
65%
Mountain West New Mexico
65%
Conference USA New Mexico State
65%
American North Texas
65%
Big 12 Oklahoma State
65%
American South Florida
65%
American Temple
65%
Mountain West Utah State
65%
SEC Vanderbilt
65%
America East Vermont
65%
Pac-12 Washington State
65%
Mid-American Western Michigan
65%
Big 12 Cincinnati
60%
Mountain West Colorado State
60%
Ivy Cornell
60%
Ivy Dartmouth
60%
Big East DePaul
60%
Atlantic Sun Florida Gulf Coast
60%
Big West Hawaii
60%
Big Sky Idaho
60%
Big Sky Idaho State
60%
Big 12 Iowa State
60%
America East Maine
60%
SEC Mississippi State
60%
Patriot League Navy
60%
Summit League North Dakota
60%
Summit League North Dakota State
60%
Horizon Oakland
60%
SEC Ole Miss
60%
Summit League Omaha
60%
Mid-American Toledo
60%
Big West UC Irvine
60%
American UTSA
60%
Conference USA Western Kentucky
60%
Big 12 West Virginia
60%
Ivy Yale
60%
Mountain West Air Force
55%
Patriot League Army
55%
Big 12 Baylor
55%
Mountain West Boise State
55%
Ivy Brown
55%
Mid-American Buffalo
55%
Ivy Columbia
55%
MEAC Delaware State
55%
Atlantic Sun Eastern Kentucky
55%
Conference USA Florida Int'l
55%
West Coast Gonzaga
55%
Sun Belt Louisiana
55%
Atlantic 10 Massachusetts
55%
Southland New Orleans
55%
Colonial Northeastern
55%
Metro Atlantic Saint Peter's
55%
West Coast San Diego
55%
Summit League South Dakota
55%
Summit League South Dakota State
55%
SWAC Southern
55%
Big 12 TCU
55%
Ohio Valley Tennessee State
55%
American Tulsa
55%
America East UMBC
55%
Mountain West UNLV
55%
Conference USA UTEP
55%
Colonial William & Mary
55%
Big East Xavier
55%
Mid-American Akron
50%
SWAC Alabama A&M
50%
Patriot League American
50%
Patriot League Boston University
50%
Big East Butler
50%
Big West Cal State Fullerton
50%
Colonial Charleston
50%
Northeast Chicago State
50%
Atlantic 10 Davidson
50%
Summit League Denver
50%
Missouri Valley Drake
50%
American East Carolina
50%
Big Sky Eastern Washington
50%
Atlantic 10 George Mason
50%
Sun Belt Georgia Southern
50%
Western Athletic Grand Canyon
50%
Missouri Valley Indiana State
50%
Atlantic Sun Jacksonville
50%
Conference USA Liberty
50%
Atlantic 10 Loyola Chicago
50%
Sun Belt Marshall
50%
American Memphis
50%
Conference USA Middle Tennessee
50%
Horizon Milwaukee
50%
Missouri Valley Missouri State
50%
Mountain West Nevada
50%
Atlantic Sun North Florida
50%
West Coast Portland
50%
Big Sky Portland State
50%
Ivy Princeton
50%
Big East Providence
50%
American Rice
50%
Mountain West San Diego State
50%
Sun Belt South Alabama
50%
Southland Stephen F. Austin
50%
Sun Belt Texas State
50%
Sun Belt Troy
50%
American UAB
50%
America East Albany
45%
Sun Belt Arkansas State
45%
Mid-American Bowling Green
45%
Atlantic Sun Central Arkansas
45%
Big South Charleston Southern
45%
American Charlotte
45%
Horizon Cleveland State
45%
Horizon Detroit Mercy
45%
Ohio Valley Eastern Illinois
45%
Atlantic 10 George Washington
45%
Horizon Green Bay
45%
Horizon IU Indianapolis
45%
Conference USA Jacksonville State
45%
Conference USA Kennesaw State
45%
Mid-American Kent State
45%
Sun Belt Louisiana Monroe
45%
Metro Atlantic Marist
45%
Southland McNeese State
45%
Metro Atlantic Niagara
45%
America East NJIT
45%
Mid-American Northern Illinois
45%
West Coast Pacific
45%
Atlantic 10 Rhode Island
45%
Atlantic 10 Richmond
45%
Big Sky Sacramento State
45%
Atlantic 10 Saint Joseph's
45%
West Coast Saint Mary's
45%
Mountain West San Jose State
45%
Big East Seton Hall
45%
Metro Atlantic Siena
45%
MEAC South Carolina State
45%
Southland Texas A&M Corpus Christi
45%
Atlantic 10 VCU
45%
Big East Villanova
45%
American Wichita State
45%
Mountain West Wyoming
45%
Mid-American Ball State
40%
Big West Cal State Bakersfield
40%
Northeast Central Connecticut State
40%
Sun Belt Coastal Carolina
40%
Patriot League Colgate
40%
Atlantic 10 Dayton
40%
Colonial Drexel
40%
Atlantic 10 Duquesne
40%
Metro Atlantic Fairfield
40%
SWAC Florida A&M
40%
Sun Belt Georgia State
40%
SWAC Grambling State
40%
Big South High Point
40%
Missouri Valley Illinois State
40%
Metro Atlantic Iona
40%
Northeast Long Island University
40%
Metro Atlantic Manhattan
40%
Big East Marquette
40%
Summit League Missouri Kansas City
40%
Colonial Monmouth
40%
Atlantic Sun North Alabama
40%
Big Sky Northern Arizona
40%
Big Sky Northern Colorado
40%
Summit League Oral Roberts
40%
West Coast Pepperdine
40%
Atlantic 10 Saint Louis
40%
Conference USA Sam Houston State
40%
West Coast San Francisco
40%
Western Athletic Seattle U
40%
Atlantic 10 St Bonaventure
40%
Atlantic Sun Stetson
40%
Southland Texas Rio Grande Valley
40%
Big West UC Davis
40%
Southern UNC Greensboro
40%
Colonial UNC Wilmington
40%
Big Sky Weber State
40%
Ohio Valley Western Illinois
40%
Horizon Wright State
40%
Western Athletic Abilene Christian
35%
Sun Belt Appalachian State
35%
Missouri Valley Belmont
35%
Big West Cal Poly
35%
Colonial Elon
35%
Missouri Valley Evansville
35%
Colonial Hofstra
35%
MEAC Howard
35%
SWAC Jackson State
35%
Patriot League Lafayette
35%
Atlantic 10 La Salle
35%
Ohio Valley Little Rock
35%
Big South Longwood
35%
Mid-American Miami Ohio
35%
Metro Atlantic Mount St Mary's
35%
Missouri Valley Murray State
35%
Missouri Valley Northern Iowa
35%
Horizon Northern Kentucky
35%
Southland Northwestern State
35%
Sun Belt Old Dominion
35%
Big South Radford
35%
Metro Atlantic Rider
35%
West Coast Santa Clara
35%
Southland Southeastern Louisiana
35%
Ohio Valley Southeast Missouri State
35%
Sun Belt Southern Miss
35%
Western Athletic Southern Utah
35%
Western Athletic Tarleton State
35%
Ohio Valley Tennessee Tech
35%
Western Athletic Texas Arlington
35%
SWAC Texas Southern
35%
Southern The Citadel
35%
Big West UC Riverside
35%
Big West UC San Diego
35%
Big West UC Santa Barbara
35%
Northeast Wagner
35%
Big South Winthrop
35%
SWAC Arkansas Pine Bluff
30%
Atlantic Sun Bellarmine
30%
America East Binghamton
30%
America East Bryant
30%
Big West Cal State Northridge
30%
Northeast Fairleigh Dickinson
30%
Atlantic 10 Fordham
30%
Southern Furman
30%
Southland Houston Christian
30%
Sun Belt James Madison
30%
Patriot League Lehigh
30%
Big West Long Beach State
30%
Conference USA Louisiana Tech
30%
West Coast Loyola Marymount
30%
MEAC Maryland Eastern Shore
30%
Big South Presbyterian
30%
Horizon Purdue Fort Wayne
30%
Atlantic Sun Queens
30%
Horizon Robert Morris
30%
Missouri Valley Southern Illinois
30%
Ohio Valley Southern Indiana
30%
Colonial Stony Brook
30%
Summit League St Thomas
30%
Ohio Valley Tennessee Martin
30%
Southland Texas A&M Commerce
30%
America East UMass Lowell
30%
Big South UNC Asheville
30%
Western Athletic Utah Tech
30%
Western Athletic Utah Valley
30%
Southern Western Carolina
30%
SWAC Alcorn State
25%
Atlantic Sun Austin Peay
25%
Missouri Valley Bradley
25%
Patriot League Bucknell
25%
Colonial Campbell
25%
Southern Chattanooga
25%
MEAC Coppin State
25%
Mountain West Fresno State
25%
Colonial Hampton
25%
Southland Incarnate Word
25%
Southland Lamar
25%
Northeast Le Moyne
25%
Atlantic Sun Lipscomb
25%
Patriot League Loyola Maryland
25%
SWAC Mississippi Valley State
25%
MEAC Norfolk State
25%
Metro Atlantic Quinnipiac
25%
Metro Atlantic Sacred Heart
25%
Southern Samford
25%
Northeast St Francis (PA)
25%
Big South USC Upstate
25%
Southern Virginia Military
25%
Atlantic Sun West Georgia
25%
Southern Wofford
25%
Horizon Youngstown State
25%
Metro Atlantic Canisius
20%
Southern East Tennessee State
20%
Big South Gardner-Webb
20%
Patriot League Holy Cross
20%
Northeast Mercyhurst
20%
Ohio Valley Morehead State
20%
MEAC Morgan State
20%
Southland Nichols State
20%
Colonial North Carolina A&T
20%
MEAC North Carolina Central
20%
Northeast Stonehill
20%
Colonial Towson
20%
Missouri Valley Valparaiso
20%
SWAC Bethune Cookman
15%
Western Athletic California Baptist
15%
Ohio Valley Lindenwood
15%
Southern Mercer
15%
Metro Atlantic Merrimack
15%
SWAC Prairie View A&M
15%
Ohio Valley SIU Edwardsville
15%
No matching quizzes found
Score Distribution
Percent of People with Each Score
Percentile by Number Answered
Your Score History
You have not taken this quiz since the last reset